Amřica Latina sociedad, economa̕ y seguridad en un mundo global /

Detalles Bibliográficos
Autor principal: Fernǹdez de Soto, Guillermo
Otros Autores: Přez Herrero, Pedro
Formato: eBook
Lenguaje:español
Publicado: Madrid: Marcial Pons, 2013
Materias:
Acceso en línea:Acceso restringido

MARC

LEADER 00000nam a22000007a 4500
005 20170216231613.0
007 cr|||| ||||
008 170216s2013 es |||||s|||| 00||0 spa d
020 |a 978-84-9123-168-4 
035 |a 14688 
040 |a vLex 
090 |c 6554  |d 6554 
100 1 |a Fernǹdez de Soto, Guillermo 
245 1 0 |a Amřica Latina  |h [Recurso electrn̤ico] :  |b sociedad, economa̕ y seguridad en un mundo global /  |c Guillermo Fernǹdez de Soto, Pedro Přez Herrero 
256 |a Servicio en ln̕ea 
260 |a Madrid:  |b Marcial Pons,  |c 2013 
300 |a 1 recurso electrn̤ico 
506 1 |a Disponible solo en los productos indicados  |d vLex Global  |d vLex Global (Academic Edition, excluding Law Schools)  |d vLex Global (U.S. Academic Edition, Law Schools)  |d vLex Global (U.S. Academic Edition, excluding Law Schools)  |d vLex Global (Academic Edition, Law Schools) 
650 0 4 |a Derecho Internacional  |z Espaą 
700 1 |a Přez Herrero, Pedro 
740 0 |a vLex Libros (Servicio en ln̕ea) 
856 4 0 |u http://vlex.com/source/america-latina-sociedad-economia-seguridad-mundo-global-14688  |z Acceso restringido 
942 |c BOOK 
999 0 |a International Law